| 000 | 00435nam a22001457a 4500 | ||
|---|---|---|---|
| 005 | 20260420115239.0 | ||
| 008 | 260420b |||||||| |||| 00| 0 eng d | ||
| 020 | _a9788120329393 | ||
| 050 | _aHG4028 HAM | ||
| 100 | _aHamilton, Albert | ||
| 245 |
_aManaging for Value _bachieving high quality at low cost _cAlbert Hamilton |
||
| 260 |
_aNew Delhi _bPrentice Hall of India _c2006 |
||
| 300 |
_axvii. 94p. _bill. _c22cm |
||
| 942 |
_2lcc _cBK _n0 |
||
| 999 |
_c9269 _d9269 |
||